000 01258nam a2200493Ia 4500
001 4859
005 20240113233803.0
007 ta
008 050615s g b000 u asm u
020 _cHB
040 _aCotton College,Assam
041 _aasm
082 _a891.41309
_bBh 469 Ga
100 _aBhattacharya, Parag Kumar .
245 0 _aGalpar Prasanga Aru Asamiya Galpa Sahitya /
_cParag Kumar Bhattacharya.
_hTextual Documents
250 _a1st ed. /
260 _aGuwahati :
_bChandra Prakash ,
_cnd.
300 _a333p. ;
_c22cm.
504 _aIndex
653 _aAssamese Fiction-Criticism
653 _aAssamese Literature-Criticism
653 _aAssamese Short Stories-Criticism
653 _aPG-Assamese
653 _aMS-Assamese
653 _aShort Stories-Criticism
653 _aAssamese Prose-Criticism
653 _aG-Assamese
653 _aT/G-Assamese
653 _aT/G-Assamese
942 _2ddc
_cBK
999 _c4846
_d4846